[Event "Saint Louis Cairns Cup (Women) 5th"]
[Site "Saint Louis"]
[Date "2025.06.11"]
[Round "2"]
[White "Tan, Zhongyi"]
[Black "Koneru, Humpy"]
[Result "1/2-1/2"]
[WhiteElo "2546"]
[BlackElo "2543"]
[PlyCount "82"]
[EventDate "2025.06.10"]
[EventType "tourn"]
[EventRounds "9"]
[EventCountry "USA"]
[EventCategory "10"]
[SourceTitle "CB26_2025"]
[SourceDate "2025.06.25"]
[SourceVersion "1"]
[SourceVersionDate "2025.06.25"]
[SourceQuality "1"]

1. e4 e5 2. Bc4 Nf6 3. Nc3 Nc6 4. d3 Bb4 5. Nf3 d5 6. exd5 Nxd5 7. 0-0 Bxc3 8. bxc3 0-0 9. Bd2 Bg4 10. h3 Bh5 11. a4 Nb6 12. Bb5 f5 13. a5 e4 14. axb6 exf3 15. Re1 Qh4 16. Ra4 f4 17. Bxc6 bxc6 18. b7 Rab8 19. Re5 g6 20. Qf1 fxg2 21. Qxg2 Rxb7 22. Rb4 Rxb4 23. cxb4 f3 24. Qg3 Qxg3+ 25. fxg3 f2+ 26. Kf1 Bd1 27. Bh6 Rf5 28. Rxf5 gxf5 29. c3 Bc2 30. d4 Kf7 31. Kxf2 Ke6 32. Ke3 Kd5 33. Bf4 Kc4 34. Kd2 Be4 35. Bxc7 Bg2 36. h4 h5 37. Bf4 a6 38. Be3 Bf3 39. Bf4 Bg2 40. Be3 Bf3 41. Bf4 Bg2 1/2-1/2

[Event "Monaco FIDE GP (Women)"]
[Site "Monaco"]
[Date "2025.02.21"]
[Round "4"]
[White "Koneru, Humpy"]
[Black "Kosteniuk, Alexandra"]
[Result "1/2-1/2"]
[WhiteElo "2523"]
[BlackElo "2484"]
[PlyCount "72"]
[EventDate "2025.02.18"]
[EventType "tourn"]
[EventRounds "9"]
[EventCountry "MNC"]
[EventCategory "10"]
[SourceTitle "CB10_2025"]
[SourceDate "2025.03.05"]
[SourceVersion "1"]
[SourceVersionDate "2025.03.05"]
[SourceQuality "1"]

1. d4 d5 2. c4 e6 3. Nc3 c6 4. e3 Nf6 5. Nf3 Nbd7 6. Bd3 dxc4 7. Bxc4 b5 8. Bd3 b4 9. Na4 Qa5 10. 0-0 Ba6 11. Bxa6 Qxa6 12. Bd2 Be7 13. Qb3 Qb5 14. Rfc1 0-0 15. Rc4 Nb6 16. Nxb6 axb6 17. Rac1 c5 18. a3 Ne4 19. dxc5 Nxd2 20. Nxd2 bxc5 21. Ne4 Rfb8 22. Nxc5 bxa3 23. Qxb5 Rxb5 24. bxa3 g6 25. a4 Rxc5 26. Rxc5 Bxc5 27. Rxc5 Rxa4 28. g3 h5 29. h4 Kg7 30. Kg2 Kf6 31. Rb5 Rc4 32. Ra5 Rb4 33. Rc5 Ra4 34. Rb5 Rc4 35. Ra5 Rb4 36. Rc5 Ra4 1/2-1/2

[Event "Wch Blitz (Women)"]
[Site "New York"]
[Date "2024.12.30"]
[Round "10"]
[White "Charkhalashvili, Inga"]
[Black "Koneru, Humpy"]
[Result "0-1"]
[WhiteElo "2240"]
[BlackElo "2523"]
[PlyCount "110"]
[EventDate "2024.12.30"]
[EventType "swiss (blitz)"]
[EventRounds "11"]
[EventCountry "USA"]
[SourceTitle "CB01_2025"]
[SourceDate "2025.01.01"]
[SourceVersion "1"]
[SourceVersionDate "2025.01.01"]
[SourceQuality "1"]

1. d4 e6 2. c4 f5 3. Nc3 Nf6 4. Nf3 Bb4 5. Qc2 b6 6. a3 Bxc3+ 7. Qxc3 Bb7 8. e3 0-0 9. Be2 d6 10. b4 Nbd7 11. 0-0 Ne4 12. Qc2 c5 13. dxc5 bxc5 14. Bb2 cxb4 15. axb4 a5 16. bxa5 Rxa5 17. Rxa5 Qxa5 18. Ra1 Qc7 19. Nd4 Ndc5 20. f3 Nf6 21. Nb5 Qb6 22. Rd1 Rd8 23. Kh1 Ne8 24. Bd4 Qc6 25. Qb2 Rd7 26. Qa3 Nf6 27. Bb2 e5 28. Bc3 h6 29. Bb4 e4 30. f4 Nd3 31. Kg1 Qxc4 32. Nxd6 Qc2 33. Rd2 Qb1+ 34. Bf1 Bd5 35. Bc3 Ng4 36. Bd4 Qe1 37. Re2 Qd1 38. Nxf5 Bc4 39. Qa8+ Kf7 40. Qxe4 Ndf2 41. Nxh6+ Nxh6 42. Kxf2 Ng4+ 43. Kg3 Qxf1 44. Rc2 Bd3 45. Qc6 Qe1+ 46. Kxg4 Qd1+ 47. Kg3 Rxd4 48. Qb7+ Kg6 49. Rc6+ Kh7 50. exd4 Qe1+ 51. Kg4 Qe2+ 52. Kh4 Qf2+ 53. Kh3 Bf5+ 54. g4 Qf3+ 55. Kh4 Qxg4# 0-1

[Event "Tata Steel India Blitz (Women)"]
[Site "Kolkata"]
[Date "2024.11.16"]
[Round "4"]
[White "Koneru, Humpy"]
[Black "Divya, Deshmukh"]
[Result "1-0"]
[WhiteElo "2530"]
[BlackElo "2493"]
[PlyCount "126"]
[EventDate "2024.11.16"]
[EventType "tourn (blitz)"]
[EventRounds "18"]
[EventCountry "IND"]
[EventCategory "10"]
[SourceTitle "CB47_2024"]
[SourceDate "2024.11.20"]
[SourceVersion "1"]
[SourceVersionDate "2024.11.20"]
[SourceQuality "1"]

1. d4 Nf6 2. c4 e6 3. Nf3 d5 4. Nc3 Nbd7 5. Bg5 h6 6. Bh4 Bb4 7. e3 g5 8. Bg3 Ne4 9. Qc2 h5 10. cxd5 exd5 11. Bd3 Ndf6 12. Be5 0-0 13. h4 g4 14. Ng5 Bf5 15. 0-0-0 Bxc3 16. bxc3 Qe7 17. Kb2 Bg6 18. f3 Nd7 19. fxe4 f6 20. exd5 Bxd3 21. Qxd3 fxe5 22. Qg6+ Qg7 23. Qxg7+ Kxg7 24. Ne6+ Kg6 25. Nxf8+ Rxf8 26. Rhf1 Re8 27. Kc2 Nf6 28. c4 exd4 29. exd4 Re3 30. Rd3 Re2+ 31. Rd2 Re3 32. Rdf2 Ne4 33. Rf8 Rc3+ 34. Kb2 Rxc4 35. Rg8+ Kh7 36. Re8 Nd6 37. Re7+ Kg6 38. Re6+ Kg7 39. Rf4 a5 40. a3 a4 41. Re5 Kg6 42. Rg5+ Kh7 43. Rxh5+ Kg6 44. Rg5+ Kh6 45. Rf6+ Kh7 46. Rxg4 Nb5 47. h5 Nxd4 48. Rff4 Rc2+ 49. Kb1 Rc3 50. Rxd4 Rxa3 51. Rc4 Rb3+ 52. Ka2 b5 53. Rb4 Re3 54. Rxb5 Kh6 55. Rxa4 Re2+ 56. Rb2 Re5 57. g4 Rxd5 58. Rc4 Ra5+ 59. Kb1 c5 60. Rbc2 Ra3 61. Rxc5 Rg3 62. Rc6+ Kg5 63. Rg6+ Kf4 1-0

[Event "Tata Steel India Blitz (Women)"]
[Site "Kolkata"]
[Date "2024.11.16"]
[Round "2"]
[White "Koneru, Humpy"]
[Black "Gunina, Valentina"]
[Result "0-1"]
[WhiteElo "2530"]
[BlackElo "2425"]
[PlyCount "114"]
[EventDate "2024.11.16"]
[EventType "tourn (blitz)"]
[EventRounds "18"]
[EventCountry "IND"]
[EventCategory "10"]
[SourceTitle "CB47_2024"]
[SourceDate "2024.11.20"]
[SourceVersion "1"]
[SourceVersionDate "2024.11.20"]
[SourceQuality "1"]

1. Nf3 d5 2. d4 Nf6 3. c4 c6 4. e3 Bf5 5. Nc3 e6 6. Nh4 Bg6 7. Nxg6 hxg6 8. Bd2 Be7 9. Qc2 Nbd7 10. cxd5 exd5 11. 0-0-0 a5 12. e4 dxe4 13. Nxe4 Nxe4 14. Qxe4 Nf6 15. Qf3 Qd5 16. Qxd5 Nxd5 17. Bc4 Kd7 18. Bxd5 cxd5 19. h3 a4 20. a3 Rac8+ 21. Kb1 Rc4 22. Be3 g5 23. Rc1 b5 24. Rxc4 bxc4 25. Kc2 f5 26. f3 Bf6 27. Re1 Re8 28. Kc3 Rb8 29. Bf2 g6 30. Kc2 Rb3 31. Ra1 Ke6 32. Re1+ Kf7 33. Ra1 Bd8 34. Rb1 Ba5 35. Ra1 c3 36. bxc3 Rxc3+ 37. Kb2 Rb3+ 38. Ka2 Rd3 39. Rb1 Bc3 40. Rb7+ Ke8 41. Kb1 Rd2 42. Be1 Rd1+ 43. Kc2 Rxe1 44. Kxc3 Re3+ 45. Kb2 Re2+ 46. Kc3 Rxg2 47. Rb4 Rg3 48. Rxa4 Rxf3+ 49. Kd2 Rxh3 50. Ra5 g4 51. Ke2 Kf7 52. Kf2 Kf6 53. a4 Ra3 54. Ra8 Kg5 55. a5 Kf4 56. a6 Ra2+ 57. Ke1 g3 0-1

[Event "Tata Steel India Rapid (Women)"]
[Site "Kolkata"]
[Date "2024.11.14"]
[Round "5"]
[White "Koneru, Humpy"]
[Black "Kosteniuk, Alexandra"]
[Result "1/2-1/2"]
[WhiteElo "2530"]
[BlackElo "2487"]
[PlyCount "155"]
[EventDate "2024.11.13"]
[EventType "tourn (rapid)"]
[EventRounds "9"]
[EventCountry "IND"]
[EventCategory "10"]
[SourceTitle "CB47_2024"]
[SourceDate "2024.11.20"]
[SourceVersion "1"]
[SourceVersionDate "2024.11.20"]
[SourceQuality "1"]

1. Nf3 d5 2. d4 Nf6 3. c4 e6 4. Nc3 dxc4 5. e4 b5 6. e5 Nd5 7. Nxb5 Nb6 8. Be2 Be7 9. Be3 Nc6 10. a3 Na5 11. Qc2 Bb7 12. Rd1 Qd7 13. Nc3 0-0-0 14. 0-0 f5 15. exf6 gxf6 16. Nd2 Rdg8 17. Bf3 Bxf3 18. Nxf3 Nb3 19. g3 c6 20. Ne4 Qd5 21. Nfd2 Nxd2 22. Nxd2 h5 23. Rc1 h4 24. Nxc4 hxg3 25. Nxb6+ axb6 26. Qxc6+ Qxc6 27. Rxc6+ Kd7 28. Rxb6 gxh2+ 29. Kh1 Bd6 30. a4 Rb8 31. Rxb8 Rxb8 32. Rb1 Kc6 33. b3 f5 34. f4 Kd5 35. Kxh2 Ke4 36. Bd2 Kd3 37. Rb2 Ba3 38. Ra2 Rxb3 39. a5 Bb2 40. a6 Bxd4 41. Be1 Ba7 42. Kg2 Rb8 43. Bf2 Bxf2 44. Kxf2 Ke4 45. a7 Ra8 46. Ra4+ Kd5 47. Ke3 Kc5 48. Ra1 Kd5 49. Kd3 Kc5 50. Ra2 Rd8+ 51. Ke3 Ra8 52. Ra3 Kd5 53. Ra5+ Kc4 54. Ra6 Kd5 55. Kd3 Kc5 56. Kc3 Kd5 57. Ra4 Kc5 58. Kd3 Rd8+ 59. Ke3 Ra8 60. Ra1 Kd5 61. Kf3 Kc5 62. Ra6 Kb5 63. Rxe6 Rxa7 64. Re5+ Kc6 65. Rxf5 Kd6 66. Re5 Re7 67. Rxe7 Kxe7 68. Kg4 Kf6 69. f5 Kf7 70. Kg5 Kg7 71. Kg4 Kf6 72. Kf4 Kf7 73. Ke5 Ke7 74. f6+ Kf7 75. Kf5 Kf8 76. Ke6 Ke8 77. f7+ Kf8 78. Kf6 1/2-1/2

[Event "Shymkent FIDE GP (Women)"]
[Site "Shymkent"]
[Date "2024.11.08"]
[Round "9"]
[White "Koneru, Humpy"]
[Black "Lagno, Kateryna"]
[Result "1/2-1/2"]
[WhiteElo "2530"]
[BlackElo "2527"]
[PlyCount "71"]
[EventDate "2024.10.30"]
[EventType "tourn"]
[EventRounds "9"]
[EventCountry "KAZ"]
[EventCategory "10"]
[SourceTitle "CB45_2024"]
[Source "ChessBase"]
[SourceDate "2024.11.06"]
[SourceVersion "1"]
[SourceVersionDate "2024.11.06"]
[SourceQuality "1"]

1. d4 d5 2. c4 e6 3. Nf3 Nf6 4. Nc3 dxc4 5. e3 a6 6. a4 c5 7. Bxc4 Nc6 8. 0-0 Be7 9. Qe2 cxd4 10. Rd1 e5 11. exd4 exd4 12. Nxd4 Nxd4 13. Qe5 Qd6 14. Qxd4 Qxd4 15. Rxd4 Bc5 16. Rd1 0-0 17. Bg5 Be6 18. Bxe6 fxe6 19. Bxf6 gxf6 20. Ne4 Rac8 21. Nxc5 Rxc5 22. Rac1 Rfc8 23. Rxc5 Rxc5 24. g3 Rc4 25. Rd8+ Kf7 26. Rd7+ Kg6 27. Rxb7 Rxa4 28. Rb6 e5 29. b4 a5 30. bxa5 Rxa5 31. Kg2 Ra2 32. g4 Ra4 33. Kg3 Ra3+ 34. Kg2 Ra4 35. Kg3 Ra3+ 36. Kg2 1/2-1/2

[Event "Shymkent FIDE GP (Women)"]
[Site "Shymkent"]
[Date "2024.10.30"]
[Round "1"]
[White "Divya, Deshmukh"]
[Black "Koneru, Humpy"]
[Result "1/2-1/2"]
[WhiteElo "2501"]
[BlackElo "2530"]
[PlyCount "82"]
[EventDate "2024.10.30"]
[EventType "tourn"]
[EventRounds "9"]
[EventCountry "KAZ"]
[EventCategory "10"]
[SourceTitle "CB45_2024"]
[Source "ChessBase"]
[SourceDate "2024.11.06"]
[SourceVersion "1"]
[SourceVersionDate "2024.11.06"]
[SourceQuality "1"]

1. e4 e5 2. Nf3 Nc6 3. d4 exd4 4. Nxd4 Bc5 5. Nb3 Bb6 6. Nc3 Qf6 7. Qe2 Nge7 8. h4 d6 9. Bg5 Qe6 10. 0-0-0 Bd7 11. g3 0-0-0 12. Bh3 Qg6 13. Bxd7+ Rxd7 14. f4 f6 15. f5 Qf7 16. Bf4 d5 17. Na4 Rdd8 18. Kb1 dxe4 19. Qxe4 Nd5 20. Nbc5 Nxf4 21. Qxf4 Rxd1+ 22. Rxd1 Rd8 23. Rxd8+ Nxd8 24. Qe4 Qf8 25. b4 c6 26. Nxb6+ axb6 27. Na4 b5 28. Nc5 Qd6 29. g4 b6 30. Nd3 Kd7 31. Qe3 Kc7 32. Qe8 Qd7 33. Qe3 Nf7 34. Kc1 Nd6 35. Nf4 Nc4 36. Ne6+ Kb7 37. Qd3 Qxd3 38. cxd3 Ne3 39. Nxg7 Nxg4 40. Kd2 c5 41. bxc5 bxc5 1/2-1/2